Invertebrate taxonomy - Statistics

General Stats
  • This quiz has been taken 64 times
  • The average score is 7 of 10
Answer Stats
Question Answer % Correct
octopus snail
92%
ant bee
79%
scallop squid
79%
sea lily sand dollar
75%
jellyfish coral
71%
spider tick
71%
heartworm hookworm
58%
barnacle lobster
54%
tardigrade tarantula
54%
trilobite butterfly
46%
No matching quizzes found
Score Distribution
Percent of People with Each Score
Percentile by Number Answered
Your Score History
You have not taken this quiz